| 000 | 00593nam a2200193 i 4500 | ||
|---|---|---|---|
| 001 | 183376 | ||
| 003 | ES-MaACL | ||
| 005 | 20250815070152.0 | ||
| 008 | 140409s1911 it | |||| ||ita d | ||
| 100 | 1 |
_aBaretti, Giuseppe. _925624 |
|
| 245 | 1 | 0 |
_aPrefazioni e polemiche / _cGiuseppe Baretti ; a cura di Luigi Piccioni. |
| 260 |
_aBari : _bGius. Laterza & Figli, _c1911. |
||
| 300 |
_a405 p. ; _c21 cm. |
||
| 490 | 1 |
_aScrittori d'Italia ; _v13 |
|
| 700 | 1 |
_aPiccioni, Luigi. _9154686 |
|
| 830 | 0 | 0 |
_aScrittori d'Italia _v13 _9191925 |
| 852 |
_aES-MaACL _jG-3714 |
||
| 999 |
_c183376 _d183376 |
||